000
00206 a2200097 4500
001
46896
100
_a
Adshead R
245
_a
Armour of the West
260
_a
London
_b
Ian Allen
_c
090
_c
29978
_d
29978
942
_a
NUST-CAE
_c
M
_c
22199
999
_c
281969
_d
281969